| 000 | 00659cam a2200193 4500 | ||
|---|---|---|---|
| 001 | 5601 | ||
| 005 | 20181127175843.0 | ||
| 008 | 100805s2008 au a b 000 0 eng d | ||
| 010 | _a 2010285879 | ||
| 042 | _alccopycat | ||
| 245 | 1 | 0 |
_aLocal government and social protection : _bmaking service delivery available for the most vulnerable / _cUNCDF. |
| 260 |
_aNew York : _bUNCDF, _cn.d. |
||
| 300 |
_a54 p. : _bcol. ill. ; _c30 cm. |
||
| 500 | _aTitle from cover. | ||
| 504 | _aIncludes bibliographical references. | ||
| 650 | 6 |
_aHuman services _zAsia-Pacific Region. _x |
|
| 650 | 6 |
_aSocial surveys Asia-Pacific Region. _x |
|
| 999 |
_c4720 _d4720 |
||